000 00447nam a2200181Ia 4500
008 131103s9999 xx 000 0 und d
040 _aLoreto College
041 _aEnglish
082 _a920/BRO
_bLCLIB/
100 _aDane, Clemence
245 _aBroomeme stages
_cClemence Dane
260 _aLondon
_bHeinemann
_c1931
300 _aviii,703
_c 24cm.
650 _aBroomeme
651 _aBiography
850 _aLCLIB/920/BRO
942 _cBK
999 _c25044
_d75523